| 000 | 01205cam a2200229 4500 | ||
|---|---|---|---|
| 001 | X113212 | ||
| 008 | 000000n2001 000 0 eng u | ||
| 035 | _a(Sirsi) u113212 | ||
| 100 | _aBryant, J. | ||
| 245 | _aThis is the law | ||
| 260 | _c2001 | ||
| 490 |
_aHousing Today _v(236) 31 May 2001, 12(1) |
||
| 520 | _aOutlines the provisions of the Housing Act 1988 s13 which lays down a procedure to be followed in assured periodic tenancies except where a provision specifying when the rent will be increased and how much by, or by what formula, exists. Where no such 'provision' is made the landlord must serve notice in the prescribed form, laid down by statutory instrument, proposing that a new rent from a date not less than one year after the beginning of the tenancy or the last rent increase. Any error in the way in which the increase is implemented could leave the Landlord facing large bills or legal action. | ||
| 650 | _aASSURED PERIODIC TENANCIES | ||
| 650 | _aHOUSING ACT 1988 S13 | ||
| 650 | _aPERIODIC TENANCIES | ||
| 650 | _aPRESCRIBED FORM | ||
| 650 | _aREGISTERED SOCIAL LANDLORDS | ||
| 650 | _aRENT INCREASES | ||
| 690 | _aLANDLORD AND TENANT-RENT REVIEWS | ||
| 942 | _n0 | ||
| 999 |
_c67422 _d67422 |
||